000 00219 a2200097 4500
001 20499
100 _aTselikov A
245 _aStress & Strain in Metal Rolling
260 _a
_bMir Publishers
_c
090 _c14896
_d14896
942 _aNUST-CAE
_cM
_c5442
999 _c255572
_d255572